Normal view
MARC view
- Serope Kalpakijan
Entry Personal Name
001 - CONTROL NUMBER
- control field: 124926
003 - CONTROL NUMBER IDENTIFIER
- control field: NUST
005 - DATE AND TIME OF LATEST TRANSACTION
- control field: 20240731154300.0
008 - FIXED-LENGTH DATA ELEMENTS
- fixed length control field: 240731|| aca||aabn | a|a d
040 ## - CATALOGING SOURCE
- Original cataloging agency: NUST
- Transcribing agency: NUST
100 ## - HEADING--PERSONAL NAME
- Personal name: Serope Kalpakijan
670 ## - SOURCE DATA FOUND
- Source citation: Work cat.: (NUST): Serope Kalpakijan, Manufacturing Engineering and Technology, 2018.
